| 000 | 00306nam a2200109Ia 4500 | ||
|---|---|---|---|
| 008 | 230907s9999||||xx |||||||||||||| ||und|| | ||
| 082 |
_a515.35 _bZIL |
||
| 245 | 0 | _aDifferential equations with boundary-value problems / | |
| 260 |
_aAustralia : _bCengage Learning, _c2018 |
||
| 300 | _ax, 559 p. | ||
| 942 | _cBK | ||
| 999 |
_c598157 _d598157 |
||